000
00217nam a22000977a 4500
999
_c
262783
_d
262782
020
_a
043923820
100
_a
Sharon Jennings
245
_a
Franklin's Thanksgiving
260
_a
New York
_b
Scholastic
_c
2001
942
_c
BK